| 000 | 00000nam 2200000za 4500 |
| 001 | 9.606645 |
| 003 | CaOODSP |
| 005 | 20240207110907 |
| 007 | cr ||||||||||| |
| 008 | 150406|2011||||xxc|||||o f|0| 0 fre d |
| 040 | |aCaOODSP|bfre |
| 043 | |an-cn--- |
| 086 | 1 |aSE7-3/2011-1F-PDF |
| 245 | 00|aParticipation électorale des jeunes au Canada |h[ressource électronique] / |c[par] André Blais et Peter Loewen. |
| 260 | |aOttawa : |bÉlections Canada, |c2011. |
| 300 | |a30 p. : |bgraphique |
| 490 | 1 |aÉlections Canada - documents de travail |
| 500 | |a« Janvier 2011. » |
| 590 | |a14-07-Supp|b2014-04-03 |
| 691 | 07|aÉlections|2gcpds |
| 691 | 07|aJeunesse|2gcpds |
| 691 | 07|aParticipation du citoyen|2gcpds |
| 710 | 2 |aÉlections Canada. |
| 775 | 08|tYouth electoral engagement in Canada |w(CaOODSP)9.578912 |
| 830 | #0|aÉlections Canada - documents de travail.|w(CaOODSP)9.504135 |
| 856 | 40|qPDF|s364 Ko|uhttps://publications.gc.ca/collections/collection_2014/elections/SE7-3-2011-1-fra.pdf |